LDR 00958naa#a2200193#i#450# 001 RU\\bibl\121385 005 20260428141800.2 011 ## _a1994-4683 100 ## _a20230531b2023####ek#y0rusy0150####ca 102 ## _aRU 200 1# _aВЛИЯНИЕ ФИЗИЧЕСКОЙ НАГРУЗКИ НА ЗДОРОВЬЕ И ФУНКЦИОНАЛЬНУЮ СИСТЕМУ ЧЕЛОВЕКА _eЖурнальная статья 210 1# _aМосква _cНациональный государственный Университет физической культуры, спорта и здоровья им. П.Ф. Лесгафта _d2023 215 ## _a5 с. 608 ## _aЖурнальная статья _2local 675 ## _aФилософия. Теория. Назначение. Методика. Этика. Эстетика. 796.01 _z 700 #1 _aАнтипина _gР Г 700 #1 _aКунгурцева _gМ Д 700 #1 _aФетищев _gН И 856 4# _auchzapiski.lesgaft.spb.ru _u